Adolescents' Psychological Health during the Economic Recession: Does Public Spending Buffer Health Inequalities among Young People?

Vplyv verejných sociálnych výdavkov počas hospodárskej recesie na zdravotníctvo a sociálne programy. Nárast verejných výdavkov a ich súvislosť s rastom zdravotnej a sociálnej starostlivosti. Dávky sociálneho zabezpečenia vo forme vecného plnenia podporných programov.

Salvato in:
Dettagli Bibliografici
Autore principale: Rathmann, Katharina
Altri autori: Pförtner, Timo-Kolja, Osorio, Ana M., Hurrelmann, Klaus, Elgar, Frank J., Bosáková, Lucia, Richter, Matthias
Natura: Capitolo di libro
Lingua:inglese
Soggetti:
Tags: Aggiungi Tag
Nessun Tag, puoi essere il primo ad aggiungerne!!

MARC

LEADER 00000nla a2200000 4500
001 0223269
005 20240502083555.3
041 0 |a eng 
044 |a GB 
245 1 0 |a Adolescents' Psychological Health during the Economic Recession: Does Public Spending Buffer Health Inequalities among Young People?  |c Katharina Rathmann, Timo-Kolja Pförtner, Ana M. Osorio, Klaus Hurrelmann, Frank J. Elgar, Lucia Bosáková, Matthias Richter 
520 |a Vplyv verejných sociálnych výdavkov počas hospodárskej recesie na zdravotníctvo a sociálne programy. Nárast verejných výdavkov a ich súvislosť s rastom zdravotnej a sociálnej starostlivosti. Dávky sociálneho zabezpečenia vo forme vecného plnenia podporných programov. 
610 2 0 |a výdavky verejné 
610 2 0 |a zdravotníctvo 
610 2 0 |a výdavky na potreby sociálne 
610 2 0 |a príspevky štátne 
610 2 0 |a recesia 
610 2 0 |a analýzy 
610 2 0 |a metódy kvantitatívne 
100 1 |a Rathmann, Katharina 
700 1 |a Pförtner, Timo-Kolja 
700 1 |a Osorio, Ana M. 
700 1 |a Hurrelmann, Klaus 
700 1 |a Elgar, Frank J. 
700 1 |a Bosáková, Lucia 
700 1 |a Richter, Matthias